Dear Andre (Chinese Edition) / (Record no. 591712)
[ view plain ]
| 000 -LEADER | |
|---|---|
| fixed length control field | 00388nam a22001337a 4500 |
| 020 ## - INTERNATIONAL STANDARD BOOK NUMBER | |
| International Standard Book Number | 9787549564125 |
| 082 ## - DEWEY DECIMAL CLASSIFICATION NUMBER | |
| Classification number | 895.1 |
| Author Mark | LON |
| 100 ## - MAIN ENTRY--PERSONAL NAME | |
| Personal name | Andre : Long, Yingtai |
| 245 ## - TITLE STATEMENT | |
| Title | Dear Andre (Chinese Edition) / |
| Statement of responsibility, etc. | Andre : Yingtai Long |
| 260 ## - PUBLICATION, DISTRIBUTION, ETC. | |
| Name of publisher, distributor, etc. | Guangxi Normal University Press, |
| Date of publication, distribution, etc. | 2015. |
| 300 ## - PHYSICAL DESCRIPTION | |
| Extent | 267 p. ; |
| Dimensions | 23 cm. |
| 880 ## - ALTERNATE GRAPHIC REPRESENTATION | |
| Linkage | 245-02\r |
| Title | 亲爱的安德烈 / |
| 942 ## - ADDED ENTRY ELEMENTS (KOHA) | |
| Source of classification or shelving scheme | |
| Koha item type | Book |
| Withdrawn status | Lost status | Source of classification or shelving scheme | Damaged status | Not for loan | Permanent Location | Current Location | Shelving location | Date acquired | Source of acquisition | Total Checkouts | Full call number | Barcode | Date last seen | Price effective from | Koha item type |
|---|---|---|---|---|---|---|---|---|---|---|---|---|---|---|---|
| Central Library (CL) | Central Library (CL) | Chinese Studies | 10/12/2022 | Donated by China Embassy | 895.1 LON | CL-D-1967 | 10/12/2022 | 10/12/2022 | Book | ||||||
| Central Library (CL) | Central Library (CL) | Chinese Studies | 10/12/2022 | Donated by China Embassy | 895.1 LON | CL-D-1957 | 10/12/2022 | 10/12/2022 | Book |
